[Event "XII Torneio Aberto Internacional de Xadrez Festa d
[Site "Caxias do Sul - RS "]
[Date "2012.03.04"]
[Round "8"]
[Board "1"]
[White "Chemim, Justo Reinaldo"]
[Black "Pasini, Iuri Alan"]
[Result "1-0"]
[WhiteElo "2153"]
[BlackElo "2001"]
[PlyCount "35"]
[EventDate "2012.03.03"]
[EventRounds "9"]
[EventCountry "BRA"]

1. d4 d5 2. Nf3 Nf6 3. g3 g6 4. Bg2 Bg7 5. c4 c6 6. O-O O-O 7. Nc3 Bf5 8. Qb3
Qc7 9. Rd1 dxc4 10. Qxc4 Be6 11. Qd3 Nbd7 12. Ng5 Bg4 13. h3 h6 14. Nxf7 Kxf7
15. hxg4 Nxg4 16. Be4 g5 17. f4 Ngf6 18. Qc4+ 1-0

[Event "XII Torneio Aberto Internacional de Xadrez Festa d
[Site "Caxias do Sul - RS "]
[Date "2012.03.04"]
[Round "9"]
[Board "1"]
[White "Hungaski, Robert Andrew"]
[Black "Vescovi, Giovanni Portilho"]
[Result "0-1"]
[WhiteElo "2507"]
[BlackElo "2604"]
[PlyCount "96"]
[EventDate "2012.03.03"]
[EventRounds "9"]
[EventCountry "BRA"]

1. c4 e5 2. g3 Nc6 3. Bg2 g6 4. Nc3 Bg7 5. e4 h5 6. h4 Nge7 7. Nge2 O-O 8. d3
d6 9. O-O Bg4 10. f3 Be6 11. Nd5 Nb8 12. Bg5 f6 13. Be3 c6 14. Nxe7+ Qxe7 15.
f4 Bg4 16. Qd2 Nd7 17. Nc3 f5 18. Rae1 Rae8 19. d4 a6 20. exf5 gxf5 21. fxe5
dxe5 22. d5 e4 23. Ne2 Ne5 24. b3 Nd3 25. Nf4 Nxe1 26. Rxe1 cxd5 27. cxd5 Qd6
28. b4 Rc8 29. Bd4 Rc2 30. Qxc2 Bxd4+ 31. Kh2 Be5 32. Qd2 Bxf4 33. gxf4 Rd8 34.
Rc1 Qxd5 35. Qb2 Qd6 36. Kg3 Kh7 37. Qe5 Qxe5 38. fxe5 e3 39. Bxb7 Rd4 40. Bxa6
f4+ 41. Kh2 Rd2+ 42. Kg1 f3 43. e6 Bxe6 44. Rc7+ Kh8 45. Re7 Rg2+ 46. Kh1 Rg6
47. Re8+ Kg7 48. Rd8 e2 0-1

[Event "XII Torneio Aberto Internacional de Xadrez Festa d
[Site "Caxias do Sul - RS "]
[Date "2012.03.04"]
[Round "9"]
[Board "1"]
[White "Mecking, Henrique Costa"]
[Black "Borges, Rodrigo Da Silva"]
[Result "1-0"]
[WhiteElo "2589"]
[BlackElo "2205"]
[PlyCount "63"]
[EventDate "2012.03.03"]
[EventRounds "9"]
[EventCountry "BRA"]

1. d4 d5 2. c4 c6 3. Nf3 Nf6 4. e3 Bg4 5. Nc3 e6 6. h3 Bh5 7. Qb3 Qb6 8. Ne5
Nbd7 9. g4 Bg6 10. Nxg6 hxg6 11. Bg2 O-O-O 12. Qxb6 Nxb6 13. c5 Nbd7 14. f4 Be7
15. b4 Ne8 16. O-O f5 17. g5 Nc7 18. Bd2 b5 19. a4 a6 20. Kf2 Kb7 21. Kg3 Nf8
22. Ne2 Nd7 23. h4 Ra8 24. Bf3 Bd8 25. Rh1 Be7 26. Rh2 Rh7 27. Nc3 Rb8 28. Rah1
Rbh8 29. h5 gxh5 30. Rxh5 Rxh5 31. Rxh5 Rxh5 32. Bxh5 1-0

[Event "XII Torneio Aberto Internacional de Xadrez Festa d
[Site "Caxias do Sul - RS "]
[Date "2012.03.04"]
[Round "9"]
[Board "1"]
[White "Rodriguez Vila, Andres"]
[Black "Borges, Guilherme Deola"]
[Result "1-0"]
[WhiteElo "2518"]
[BlackElo "2155"]
[PlyCount "63"]
[EventDate "2012.03.03"]
[EventRounds "9"]
[EventCountry "BRA"]

1. e4 c5 2. Nf3 d6 3. d4 cxd4 4. Nxd4 Nf6 5. f3 Nc6 6. c4 g6 7. Be3 Bg7 8. Nc3
O-O 9. Qd2 a6 10. Be2 Bd7 11. Nc2 Ne5 12. O-O Rc8 13. Na3 Be6 14. Nd5 Bxd5 15.
exd5 Ned7 16. Rab1 Ne8 17. b4 b6 18. Nc2 e5 19. dxe6 fxe6 20. Nd4 Qe7 21. Rfd1
Kh8 22. Rbc1 Rc7 23. a4 Be5 24. f4 Bg7 25. Bg4 e5 26. Ne6 Ndf6 27. Bh3 Ne4 28.
Qd3 N8f6 29. Nxf8 Qxf8 30. fxe5 dxe5 31. Bxb6 Rb7 32. Qd8 1-0

[Event "XII Torneio Aberto Internacional de Xadrez Festa d
[Site "Caxias do Sul - RS "]
[Date "2012.03.04"]
[Round "9"]
[Board "1"]
[White "Stamenkovic, Dragan"]
[Black "Born, Carlos Rodrigo"]
[Result "0-1"]
[WhiteElo "2383"]
[BlackElo "2199"]
[PlyCount "69"]
[EventDate "2012.03.03"]
[EventRounds "9"]
[EventCountry "BRA"]

1. d4 g6 2. e4 Bg7 3. Nc3 d6 4. Be3 Nf6 5. f3 O-O 6. Qd2 e5 7. Nge2 Re8 8.
O-O-O exd4 9. Nxd4 Nc6 10. g4 Nxd4 11. Bxd4 Be6 12. h4 c5 13. Bf2 Qa5 14. a3
Red8 15. g5 Ne8 16. Nd5 Qa4 17. h5 Qd7 18. Bg3 Bxd5 19. Qxd5 Qe7 20. hxg6 hxg6
21. Qd2 b5 22. f4 c4 23. c3 b4 24. Bxc4 bxc3 25. Qd3 Rab8 26. b4 a5 27. e5 d5
28. Bb3 axb4 29. a4 Nc7 30. Kc2 Qe6 31. Bf2 Qg4 32. Rh4 Qg2 33. Qe3 Ne6 34. Qg3
Qxg3 35. Bxg3 0-1

[Event "XII Torneio Aberto Internacional de Xadrez Festa d
[Site "Caxias do Sul - RS "]
[Date "2012.03.04"]
[Round "9"]
[Board "1"]
[White "Stevens, Tristan James"]
[Black "Souza, Ivan Boere"]
[Result "1-0"]
[WhiteElo "2134"]
[BlackElo "2283"]
[PlyCount "35"]
[EventDate "2012.03.03"]
[EventRounds "9"]
[EventCountry "BRA"]

1. e4 c5 2. Nf3 d6 3. d4 cxd4 4. Nxd4 Nf6 5. Nc3 a6 6. Bg5 e6 7. f4 Be7 8. Qf3
Nbd7 9. Bc4 h6 10. Bh4 g5 11. Bf2 gxf4 12. Bb3 Ne5 13. Qxf4 Nfg4 14. Nf3 Nxf2
15. Nxe5 dxe5 16. Qxf2 Qc7 17. O-O-O Bd7 18. Kb1 1-0

[Event "XII Torneio Aberto Internacional de Xadrez Festa d
[Site "Caxias do Sul - RS "]
[Date "2012.03.04"]
[Round "9"]
[Board "1"]
[White "Izquierdo, Daniel"]
[Black "Starke, Bruno Orlando"]
[Result "0-1"]
[WhiteElo "2261"]
[BlackElo "2086"]
[PlyCount "40"]
[EventDate "2012.03.03"]
[EventRounds "9"]
[EventCountry "BRA"]

1. d4 d5 2. Nf3 Nf6 3. c4 c6 4. Qc2 e6 5. g3 b6 6. Bg2 Bb7 7. O-O Be7 8. Nbd2
Nbd7 9. b3 O-O 10. Bb2 c5 11. e3 Rc8 12. Rac1 Rc7 13. cxd5 Nxd5 14. Qb1 cxd4
15. Nxd4 Rxc1 16. Rxc1 Qa8 17. Qa1 Nc5 18. Bf1 Rd8 19. Nc4 Bf6 20. Qb1 Qb8 0-1

[Event "XII Torneio Aberto Internacional de Xadrez Festa d
[Site "Caxias do Sul - RS "]
[Date "2012.03.04"]
[Round "9"]
[Board "1"]
[White "Patroclo, Arthur Ruiz"]
[Black "Bueno, Alfeu Junior Varela"]
[Result "0-1"]
[WhiteElo "2132"]
[BlackElo "2291"]
[PlyCount "86"]
[EventDate "2012.03.03"]
[EventRounds "9"]
[EventCountry "BRA"]

1. e4 e6 2. d3 d5 3. Nd2 Nf6 4. g3 Bc5 5. Bg2 O-O 6. Ngf3 dxe4 7. dxe4 e5 8.
O-O Qe7 9. Qe2 Nc6 10. c3 a5 11. h3 b6 12. Re1 Ba6 13. Qd1 Rfd8 14. Bf1 Bxf1
15. Kxf1 Rd3 16. Qe2 Rad8 17. Nb3 Qd7 18. Kg2 Be7 19. Nbd4 Rxd4 20. cxd4 Nxd4
21. Nxd4 exd4 22. Qd3 c5 23. Bd2 Qc6 24. b3 Nd7 25. f4 a4 26. Qf3 b5 27. e5 Qa6
28. e6 fxe6 29. Qg4 Nf8 30. f5 exf5 31. Qxf5 Bf6 32. Qxc5 Qb7+ 33. Kg1 d3 34.
Qf2 Bxa1 35. Rxa1 Ne6 36. Bb4 Ng5 37. Qg2 Nf3+ 38. Kf2 Qb6+ 39. Kxf3 Qf6+ 40.
Ke3 Qe5+ 41. Kd2 Qxa1 42. Qe4 Qxa2+ 43. Ke3 Qe2+ 0-1

[Event "XII Torneio Aberto Internacional de Xadrez Festa d
[Site "Caxias do Sul - RS "]
[Date "2012.03.04"]
[Round "9"]
[Board "1"]
[White "Matsuura, Frederico"]
[Black "Lupato, Volmir"]
[Result "1-0"]
[WhiteElo "2287"]
[BlackElo "1924"]
[PlyCount "41"]
[EventDate "2012.03.03"]
[EventRounds "9"]
[EventCountry "BRA"]

1. d4 Nf6 2. c4 e6 3. Nf3 Bb4+ 4. Bd2 a5 5. g3 O-O 6. Bg2 d5 7. O-O dxc4 8. Qc2
b5 9. a4 Bxd2 10. Nbxd2 c6 11. e4 Qb6 12. e5 Nd5 13. Ng5 g6 14. Ndf3 Nd7 15.
Qe4 h6 16. Nxe6 N7f6 17. exf6 Bxe6 18. Qh4 Qd8 19. Ne5 Ra6 20. Bxd5 cxd5 21.
axb5 1-0

[Event "XII Torneio Aberto Internacional de Xadrez Festa d
[Site "Caxias do Sul - RS "]
[Date "2012.03.04"]
[Round "9"]
[Board "1"]
[White "Florianovitz, Derlei Alex"]
[Black "Burgos, Marcelo Alves"]
[Result "0-1"]
[WhiteElo "2051"]
[BlackElo "2194"]
[PlyCount "72"]
[EventDate "2012.03.03"]
[EventRounds "9"]
[EventCountry "BRA"]

1. e4 c5 2. d4 cxd4 3. c3 d5 4. cxd4 dxe4 5. Nc3 Nf6 6. Bc4 e6 7. Bf4 Nc6 8.
Nge2 Be7 9. O-O O-O 10. Rc1 Na5 11. Nb5 Nxc4 12. Rxc4 Bd7 13. Bc7 Qc8 14. Qb3
Bc6 15. Be5 Qd7 16. Nf4 Bxb5 17. Rc7 Qe8 18. Rxe7 Qxe7 19. Qxb5 Rac8 20. Qe2
Rfd8 21. f3 Nd7 22. fxe4 Nxe5 23. dxe5 Qc5+ 24. Kh1 Qxe5 25. Qf3 Qf6 26. Qe2
Qg5 27. Qf2 Rd7 28. h4 Qg4 29. e5 Rd1 30. Rxd1 Qxd1+ 31. Kh2 b6 32. Qg3 h6 33.
Nd3 Rd8 34. Nf2 Qe1 35. Qf4 Rd5 36. Nd3 Rxd3 0-1

[Event "XII Torneio Aberto Internacional de Xadrez Festa d
[Site "Caxias do Sul - RS "]
[Date "2012.03.04"]
[Round "9"]
[Board "1"]
[White "Crespo, Antonio Rogerio P. Tav"]
[Black "Izquierdo, Sebastian"]
[Result "1-0"]
[WhiteElo "2119"]
[BlackElo "2043"]
[PlyCount "69"]
[EventDate "2012.03.03"]
[EventRounds "9"]
[EventCountry "BRA"]

1. d4 Nf6 2. Nc3 e6 3. e4 Bb4 4. e5 Nd5 5. Qg4 Nxc3 6. Qxg7 Rf8 7. bxc3 Bxc3+
8. Kd1 Qe7 9. Rb1 f5 10. Qxe7+ Kxe7 11. Ne2 Ba5 12. Bg5+ Kf7 13. Rb3 d6 14. Rh3
Nd7 15. f4 Rh8 16. Ng3 c5 17. Be2 cxd4 18. exd6 Bb4 19. Bc4 b5 20. Bxb5 Bxd6
21. Bc4 Nb6 22. Bb3 Nd5 23. Nxf5 Bc5 24. Nh6+ Ke8 25. Bxd5 exd5 26. Re1+ Kf8
27. Rg3 Rb8 28. Rb3 Rxb3 29. axb3 Kg7 30. Re5 Bb6 31. h4 Rf8 32. h5 Bd8 33.
Bxd8 Rxd8 34. Nf5+ Kf6 35. g4 1-0

[Event "XII Torneio Aberto Internacional de Xadrez Festa d
[Site "Caxias do Sul - RS "]
[Date "2012.03.04"]
[Round "9"]
[Board "1"]
[White "Pertuzatti, Daniel"]
[Black "Matsuura, Everaldo"]
[Result "0-1"]
[WhiteElo "2011"]
[BlackElo "2486"]
[PlyCount "86"]
[EventDate "2012.03.03"]
[EventRounds "9"]
[EventCountry "BRA"]

1. g4 d5 2. Bg2 c6 3. h3 e5 4. d3 Bd6 5. e4 dxe4 6. dxe4 Bb4+ 7. Bd2 Bxd2+ 8.
Nxd2 Be6 9. Ne2 Ne7 10. Nf3 Qc7 11. Qd3 f6 12. Nh4 g6 13. O-O-O Na6 14. Qd6
Qxd6 15. Rxd6 Kf7 16. Rhd1 Nc5 17. Nc3 a5 18. Bf1 b5 19. f3 Nb7 20. R6d2 Rad8
21. Ng2 Rxd2 22. Rxd2 h5 23. Ne3 Rd8 24. a3 Rxd2 25. Kxd2 h4 26. Be2 g5 27. Bf1
Ng6 28. Ne2 Nd6 29. b3 Ke7 30. Nf5+ Bxf5 31. gxf5 Nf4 32. Nxf4 exf4 33. c4 b4
34. axb4 axb4 35. c5 Nb7 36. Kd3 Nxc5+ 37. Kc4 Nd7 38. Kxb4 Ne5 39. Be2 Kd6 40.
Kc3 c5 41. Bd1 g4 42. fxg4 Nf7 43. Be2 Ng5 0-1

[Event "XII Torneio Aberto Internacional de Xadrez Festa d
[Site "Caxias do Sul - RS "]
[Date "2012.03.04"]
[Round "9"]
[Board "1"]
[White "Oliveira, Paulo Sergio De Castro"]
[Black "Fleck Da Silva, Rafael"]
[Result "0-1"]
[WhiteElo "2182"]
[BlackElo "1927"]
[PlyCount "76"]
[EventDate "2012.03.03"]
[EventRounds "9"]
[EventCountry "BRA"]

1. b3 d5 2. Bb2 Nf6 3. g3 e6 4. Bg2 b6 5. c4 Bb7 6. Nc3 Nbd7 7. Nh3 Bd6 8. Qc2
c5 9. cxd5 exd5 10. Qf5 g6 11. Qc2 O-O 12. Nf4 Bxf4 13. gxf4 Qc7 14. e3 Rfe8
15. O-O-O c4 16. Nb5 Qc5 17. bxc4 Rac8 18. Ba3 Qxc4 19. Qxc4 Rxc4+ 20. Kb1 Ra4
21. Bb2 Ne4 22. Bxe4 dxe4 23. Nd6 Rb8 24. Nxb7 Rxb7 25. d3 f5 26. dxe4 Rxe4 27.
h4 h5 28. Rd6 Kf7 29. Rhd1 Rc7 30. Rg1 Nf8 31. Rf6+ Ke8 32. Rc1 Ree7 33. Rxc7
Rxc7 34. Ba3 Nd7 35. Rxg6 Rc3 36. Re6+ Kd8 37. Be7+ Kc7 38. Rh6 Rc6 0-1

[Event "XII Torneio Aberto Internacional de Xadrez Festa d
[Site "Caxias do Sul - RS "]
[Date "2012.03.04"]
[Round "9"]
[Board "1"]
[White "Nemeth Junior, Henrique"]
[Black "Da Cruz, Eider Tiago"]
[Result "0-1"]
[WhiteElo "1924"]
[BlackElo "2133"]
[PlyCount "69"]
[EventDate "2012.03.03"]
[EventRounds "9"]
[EventCountry "BRA"]

1. e4 c5 2. Nc3 d6 3. f4 Nf6 4. Nf3 e6 5. d3 Nc6 6. g3 Be7 7. Bg2 O-O 8. O-O a6
9. h3 d5 10. e5 Ne8 11. Kh2 f5 12. d4 b5 13. Be3 b4 14. Ne2 Qb6 15. g4 c4 16.
gxf5 Rxf5 17. Ng3 Rf7 18. h4 g6 19. h5 Ng7 20. h6 Nf5 21. Nxf5 Rxf5 22. Bh3 Rf7
23. Ng5 Bxg5 24. fxg5 Raa7 25. Qd2 Ne7 26. Rf6 Kf8 27. Qf2 Ng8 28. Rf3 Rxf3 29.
Qxf3+ Rf7 30. Qg4 Ne7 31. Qg1 Nf5 32. Bxf5 exf5 33. Bf4 Be6 34. Qe3 Rc7 35. Kg3
0-1

[Event "XII Torneio Aberto Internacional de Xadrez Festa d
[Site "Caxias do Sul - RS "]
[Date "2012.03.04"]
[Round "9"]
[Board "1"]
[White "Hille, Waltercler"]
[Black "Antunes, Luciano Justi"]
[Result "0-1"]
[WhiteElo "1906"]
[BlackElo "2121"]
[PlyCount "91"]
[EventDate "2012.03.03"]
[EventRounds "9"]
[EventCountry "BRA"]

1. Nf3 Nf6 2. g3 g6 3. Bg2 Bg7 4. O-O O-O 5. d4 d6 6. h3 Nc6 7. c4 Bf5 8. Nh4
Bd7 9. Nc3 a6 10. e4 e5 11. Nf3 Rb8 12. Be3 Nh5 13. d5 Ne7 14. g4 Nf4 15. Qd2
Nxg2 16. Kxg2 f5 17. gxf5 gxf5 18. Bh6 Rf6 19. Bxg7 Kxg7 20. Rg1 Kh8 21. Kh2
Ng6 22. Qh6 Qf8 23. Qxf8+ Rbxf8 24. Nd2 Nf4 25. Rg3 Rh6 26. Rh1 fxe4 27. Ndxe4
Rxh3+ 28. Rxh3 Nxh3 29. Kg3 Rg8+ 30. Kf3 Ng5+ 31. Nxg5 Rxg5 32. Ne4 Rf5+ 33.
Ke3 Rf4 34. c5 Bf5 35. Ng5 Bg6 36. cxd6 cxd6 37. Rc1 Ra4 38. Ne6 h5 39. Rc8+
Kh7 40. b3 Ra5 41. Rc7+ Kh6 42. Rc8 Rxd5 43. Rh8+ Bh7 44. Nf8 Kg7 45. Rxh7+
Kxf8 46. Rxb7 0-1

[Event "XII Torneio Aberto Internacional de Xadrez Festa d
[Site "Caxias do Sul - RS "]
[Date "2012.03.04"]
[Round "9"]
[Board "1"]
[White "De Freitas, Julio Eimard"]
[Black "De Salles, Leandro Luiz Krause"]
[Result "1-0"]
[WhiteElo "1865"]
[BlackElo "2098"]
[PlyCount "63"]
[EventDate "2012.03.03"]
[EventRounds "9"]
[EventCountry "BRA"]

1. d4 Nf6 2. c4 g6 3. Nf3 d5 4. Nc3 Bg7 5. e3 O-O 6. Be2 c5 7. O-O cxd4 8. exd4
Nc6 9. Ne5 Bf5 10. Nxc6 bxc6 11. c5 Nd7 12. Qa4 Qc7 13. f4 a5 14. g4 Be4 15.
Nxe4 dxe4 16. Be3 f5 17. g5 Rfb8 18. Qc2 a4 19. a3 Kh8 20. Bc4 Rd8 21. h4 Nf8
22. Rad1 Rd7 23. Ba2 e6 24. Rf2 Qb7 25. h5 gxh5 26. Rh2 Rad8 27. Qxa4 e5 28.
Qc4 Rd5 29. Rxh5 Ng6 30. Qf1 exf4 31. Bxd5 fxe3 32. Rxh7+ 1-0